Normal view MARC view

Entry Personal Name

Number of records used in: 1

001 - CONTROL NUMBER

  • control field: 131

003 - CONTROL NUMBER IDENTIFIER

  • control field: csc

005 - DATE AND TIME OF LATEST TRANSACTION

  • control field: 20140507162048.0

008 - FIXED-LENGTH DATA ELEMENTS

  • fixed length control field: 091218|||a|||||| | ||| d

040 ## - CATALOGING SOURCE

  • Original cataloging agency: csc
  • Transcribing agency: csc

100 ## - HEADING--PERSONAL NAME

  • Personal name: West, M. L.
  • Fuller form of name: (Martin Litchfield),
  • Dates associated with a name: 1937-

670 ## - SOURCE DATA FOUND

  • Source citation: Work cat.: (csc)0: Greek lyric poetry :, 1999, c1993.